Представление документа в формате RUSMARC

ПолеНазваниеЗначение
  Тип записи a
  Библиографический уровень a
001 Контрольный номер RU/CBS_UL/BASE/4529f00e8c9b461094c10a2df155152b
005 Дата корректировки 20251009135645.5
100 Данные общей обработки __
a Данные общей обработки 20251009 ||| 0rusy0189 ca
101 Язык документа 0_
a Язык текста rus
102 Страна публикации __
a Страна публикации RU
200 Заглавие и сведения об ответственности 1_
a Заглавие Сёстры Романовы - сёстры милосердия
e Сведения, относящиеся к заглавию [в русской истории известны как Александра Феодоровна и Елизавета Феодоровна, Русская Церковь чтит их в лике святых страстотерпиц]
f Первые сведения об ответственности О. Схиртладзе
300 Общие примечания __
a Общие примечания 6+
461 Уровень набора _0
1 2000
a Саша и Даша
463 Уровень физической единицы _0
1 2000
a № 7
v С. 16-17
1 2101
d 2025
1 001RU/CBS_UL/BASE/fe566220822e422eb7c7ec0fbbf35e02
600 Персоналии _1
a Персоналии (Фамилия) Александра Федоровна, императрица
600 Персоналии _1
a Персоналии (Фамилия) Елизавета Федоровна, великая княгиня
606 Тематические рубрики 0_
a Основная рубрика Романовы (династия) (1613-1917)
610 Ключевые слова 0_
a Ключевые слова сёстры милосердия
610 Ключевые слова 0_
a Ключевые слова императрицы
610 Ключевые слова 0_
a Ключевые слова царские династии
610 Ключевые слова 0_
a Ключевые слова немецкие принцессы
610 Ключевые слова 0_
a Ключевые слова страстотерпцы
610 Ключевые слова 0_
a Ключевые слова страстотерпцы царские
686 Индексы других классификаций __
a Классификационный индекс 63.3(2)5
700 Автор _1
a Фамилия Схиртладзе
b Имя (инициалы) О.
801 Источник записи _0
a Страна RU
b Организация МБУК ЦБС г. Ульяновска
c Дата составления 20251009
g Правила каталогизации RCR
801 Источник записи _1
a Страна RU
b Организация МБУК ЦБС г. Ульяновска
c Дата составления 20251009
g Правила каталогизации RCR
901 Тип документа __
t Тип документа b
w Контрольный № источника RU/CBS_UL/BASE/fe566220822e422eb7c7ec0fbbf35e02
909 Создатель записи __
a Создатель записи mbo